World great educationists / (Record no. 39905)

MARC details
000 -LEADER
fixed length control field 00612nam a22001937a 4500
005 - DATE AND TIME OF LATEST TRANSACTION
control field 20100806161918.0
010 ## - LCCN (DPL NO)
LC control number ENG-98541
020 ## - INTERNATIONAL STANDARD BOOK NUMBER
International Standard Book Number 9788190515542
Terms of availability 395.00
035 ## - SYSTEM CONTROL NUMBER
System control number EN-82074
037 ## - SOURCE OF ACQUISITION
Source of stock number/acquisition DBAD/PUB
082 ## - DEWEY DECIMAL CLASSIFICATION NUMBER
Classification number 921
100 ## - MAIN ENTRY--PERSONAL NAME
Personal name Pandey, Anita
245 ## - TITLE STATEMENT
Title World great educationists /
Statement of responsibility, etc by Anita Pandey
260 ## - PUBLICATION, DISTRIBUTION, ETC. (IMPRINT)
Place of publication, distribution, etc Delhi
Name of publisher, distributor, etc Yogi Publication
Date of publication, distribution, etc 2009
270 ## - ADDRESS
Address 77/1, East Azad nagar
City Delhi
Postal code 110051
300 ## - PHYSICAL DESCRIPTION
Extent 160p.
Dimensions 22cm (Hb)
942 ## - ADDED ENTRY ELEMENTS (KOHA)
Source of classification or shelving scheme Dewey Decimal Classification
Item type English Books
Classification part 921
Call number suffix PAN
Holdings
Withdrawn status Lost status Not for loan Collection code Home library Current library Date acquired Source of acquisition Cost, normal purchase price Full call number Barcode Copy number Cost, replacement price Koha item type
    Not For Loan Non-fiction D.B.Act.Division D.B.Act.Division 06/08/2010 DBAD/PUB 395.00 921 PAN EN-82074 1 395.00 English Books

© Delhi Public Library
Hit Counter
free hit counter